000 00589nam a2200193Ia 4500
005 20250326141119.0
008 250326s9999 xx 000 0 und d
020 _a0 7506 3132 5
037 _aTextbook
040 _aFMSL
_beng
_cFMSL
041 _aeng
_2eng
084 _aX:74.4 N7
_qFMSL
100 _aDrucker P F
_9735093
245 0 _aDrucker on Asia: dialogue between Peter Drucker and ISAO Nakauchi
_cDrucker P F; Nakauchi I
260 _aOxford
_bOxford, Butterworth and Heineman
_c1997
300 _aix,204
942 _cTB
_hX:74.4 N7
999 _c1288765
_d1288765